The theory of subgradients and its applications to problems of optimization : convex and nonconvex functions

Αποθηκεύτηκε σε:
Λεπτομέρειες βιβλιογραφικής εγγραφής
Κύριος συγγραφέας: Rockafellar, R. Tyrrell 1935-
Μορφή: Βιβλίο
Γλώσσα:English
Δημοσίευση: Berlin : Heldermann, 1981
Σειρά:R & E, research and education in mathematics ; ; 1
Θέματα:
Ετικέτες: Προσθήκη ετικέτας
Δεν υπάρχουν, Καταχωρήστε ετικέτα πρώτοι!

MARC

LEADER 00000cam a2200000 i 4500
001 1/30720
008 941103s1981 eng d
020 |a 3885382016 
035 |l 10038642 
035 |a 1990  |c ΚΑΝΔΥΛΑΚΗΣ 
040 |a GR-MY-UA  |b gre  |e aacr 
041 0 |a eng 
082 0 |a 515.7 
100 1 |a Rockafellar, R. Tyrrell  |d 1935- 
245 1 4 |a The theory of subgradients and its applications to problems of optimization :  |b convex and nonconvex functions /  |c R.T. Rockafellar 
260 |a Berlin :   |b Heldermann,   |c 1981 
300 |a vii, 107 p.;  |b ill.;  |c 24 cm. 
490 1 |a R & E, research and education in mathematics  |v ; 1 
500 |a Bibliography: p. 106-107 
650 0 0 |a Mathematical optimization. 
650 0 0 |a Convex functions. 
650 0 0 |a Functions of several real variables. 
830 0 |a R & E, research and education in mathematics ;  |v ; 1 
852 |a INST  |b SAMOS  |e 19941103  |h 515.7 ROC  |p 005300001358  |q 005300001358  |t BK  |y 0 
909 |a Σ  |b 018926